Phát triển mô hình phân phối sản phẩm nông sản hữu cơ tại Việt nam
Đã lưu trong:
| 主要作者: | |
|---|---|
| 格式: | Sách |
| 語言: | Undetermined |
| 出版: |
Công Thương
2018
|
| 主題: | |
| 標簽: |
添加標簽
沒有標簽, 成為第一個標記此記錄!
|
| Thư viện lưu trữ: | Trung tâm Thư viện - Trường Đại học Công nghiệp TP. Hồ Chí Minh |
|---|
| LEADER | 00580nam a2200157Ia 4500 | ||
|---|---|---|---|
| 001 | UIH_02775 | ||
| 008 | 231011s9999 xx 000 0 und d | ||
| 082 | |a 338.1 | ||
| 100 | |a Trịnh, Thị Thanh Thủy | ||
| 245 | 0 | |a Phát triển mô hình phân phối sản phẩm nông sản hữu cơ tại Việt nam | |
| 245 | 0 | |c Trịnh, Thị Thanh Thủy | |
| 260 | |b Công Thương | ||
| 260 | |c 2018 | ||
| 650 | |a Nông sản hữu cơ; | ||
| 927 | |a Sách | ||
| 980 | |a Trung tâm Thư viện - Trường Đại học Công nghiệp TP. Hồ Chí Minh | ||